| 000 | 00000nam 2200000za 4500 |
| 001 | 9.830960 |
| 003 | CaOODSP |
| 005 | 20221107145638 |
| 007 | cr ||||||||||| |
| 008 | 170120s2016 onc #o f001 0 eng d |
| 040 | |aCaOODSP|beng |
| 043 | |an-cn--- |
| 086 | 1 |aRv4-80/2016E-PDF |
| 245 | 00|aOld age security return of income guide for non-residents, 2016 |h[electronic resource]. |
| 260 | |a[Ottawa] : |bCanada Revenue Agency, |c2016. |
| 300 | |a23 p. |
| 500 | |aIssued also in French under title: Déclaration des revenus pour la Sécurité de la vieillesse pour les non-résidents, 2016. |
| 520 | |a"This guide is for you if you are a non-resident of Canada and you are receiving old age security (OAS) payments. This guide will help you complete your 2016 Old Age Security Return of Income." -- Is this guide for you? p. 2. |
| 692 | 07|2gccst|aPersonal income tax |
| 692 | 07|2gccst|aSeniors |
| 692 | 07|2gccst|aHandbooks |
| 710 | 2 |aCanada Revenue Agency. |
| 775 | 08|tDéclaration des revenus pour la Sécurité de la vieillesse pour les non-résidents, 2016 |w(CaOODSP)9.830963 |
| 856 | 40|qPDF|s113 KB|uhttps://publications.gc.ca/collections/collection_2017/arc-cra/Rv4-80-2016-eng.pdf |
| 986 | |aT4155(E) Rev. 16 |